000 00645nam a22002177a 4500
003 AR-RoUNCS
005 20251128162202.0
008 251128t2007 enkao|||r|||| 00| 0 spa d
020 _a978-1-855759-518-5
040 _aAR-RoUNCS
_cAR-RoUNCS
080 _07:069
245 0 0 _aMuseo de Pérgamo, Berlín :
_b66 obras maestras.
250 _a1a ed.
260 _aLondres :
_bScala,
_c2007.
300 _a96 p. :
_bfot. col ;
_c25 cm.
490 0 _aGrandes Museos de Europa ;
_v18
650 7 _2embne
_aMuseo de Pérgamo (Berlín)
_xHistoria
650 7 _2embne
_aMuseos de arte
655 7 _2embne
_aCatálogos de exposiciones
942 _2udc
_cOG
_n0
999 _c810
_d810